000 00452cam a22001097a 4500
008 180718b1961 xxu||||| |||| 00| 0 eng d
082 _aB711x5442 M278b
100 _aMaharashtra. Co-operation and Rural Development Department
245 _aMemorandum containing instructons for undertaking preliminary work for the implementation of the Maharashtra Zilla Parishads and Panchayat Samitis Bill, 1961
260 _aBombay
_bThe author
_c1961
300 _a73p.
999 _c488665
_d488665